[Event "Spiltan & Pelaro 2005"]
[Site "?"]
[Date "2005.06.11"]
[Round "1"]
[White "Kyndel Pedersen, Christian"]
[Black "Groenn, Atle"]
[Result "1-0"]
[WhiteElo "2396"]
[BlackElo "2397"]
[PlyCount "143"]
[EventDate "2005.06.11"]
[SourceDate "2005.06.11"]

1. e4 e5 2. Nf3 Nf6 3. Nxe5 d6 4. Nf3 Nxe4 5. d4 d5 6. Bd3 Nc6 7. O-O Be7 8. c4
Nb4 9. Be2 O-O 10. Nc3 Bf5 11. a3 Nxc3 12. bxc3 Nc6 13. Re1 Re8 14. Bf4 Rc8 15.
cxd5 Qxd5 16. c4 Qe4 17. Be3 Bf6 18. Ra2 b6 19. h3 h6 20. Bf1 Na5 21. Bxh6 Qc6
22. d5 Rxe1 23. Nxe1 Qd6 24. Bd2 c6 25. Bb4 c5 26. Bxa5 bxa5 27. Bd3 Bxd3 28.
Qxd3 Rb8 29. Re2 g6 30. g3 a4 31. Nc2 Rb3 32. Qe4 Kg7 33. Kg2 Bb2 34. Re3 Qf6
35. Rf3 Qe5 36. Qxe5+ Bxe5 37. Re3 Kf6 38. Kf1 Rb2 39. Re2 Rb1+ 40. Kg2 Rb3 41.
Re3 Rb2 42. Ne1 Bd4 43. Rf3+ Ke7 44. h4 Rb1 45. Nc2 Rc1 46. Ne3 Rc3 47. g4 Ke8
48. h5 Rxa3 49. d6 gxh5 50. gxh5 Rd3 51. h6 a3 52. d7+ Kxd7 53. Rxf7+ Ke6 54.
Rxa7 Bb2 55. h7 Rd8 56. Nc2 Rh8 57. Kf3 Ke5 58. Kg4 Ke4 59. f3+ Kd3 60. Nxa3
Rxh7 61. Rxh7 Bxa3 62. Ra7 Bb4 63. Kf4 Bd2+ 64. Ke5 Kxc4 65. f4 Kd3 66. Ra3+
Kc2 67. Ra2+ Kd3 68. Ra3+ Kc2 69. f5 c4 70. Kd4 c3 71. Kc4 Kb2 72. Rb3+ 1-0

[Event "Spiltan & Pelaro 2005"]
[Site "?"]
[Date "2005.06.11"]
[Round "1"]
[White "Moberg, Karl Johan"]
[Black "Åkesson, Joel"]
[Result "1/2-1/2"]
[WhiteElo "2354"]
[BlackElo "2345"]
[PlyCount "34"]
[EventDate "2005.06.11"]
[SourceDate "2005.06.11"]

1. d4 Nf6 2. c4 e6 3. Nf3 d5 4. Bg5 Be7 5. e3 O-O 6. Nc3 h6 7. Bh4 b6 8. Bxf6
Bxf6 9. cxd5 exd5 10. Rc1 Bb7 11. Bd3 Nd7 12. O-O c6 13. Re1 Re8 14. e4 Nf8 15.
exd5 Rxe1+ 16. Qxe1 cxd5 17. Qe3 Rc8 1/2-1/2

[Event "Spiltan & Pelaro 2005"]
[Site "?"]
[Date "2005.06.11"]
[Round "1"]
[White "Nithander, Victor"]
[Black "Vesterbaek Pedersen, Nicolai"]
[Result "0-1"]
[WhiteElo "2232"]
[BlackElo "2460"]
[PlyCount "94"]
[EventDate "2005.06.11"]
[SourceDate "2005.06.11"]

1. e4 e5 2. Nf3 Nc6 3. Bb5 Nf6 4. O-O Nxe4 5. d4 Nd6 6. Bxc6 dxc6 7. dxe5 Ne4
8. Qxd8+ Kxd8 9. Re1 Nc5 10. h3 Bf5 11. Nd4 Bg6 12. Nc3 Ne6 13. Nxe6+ fxe6 14.
Ne2 h5 15. c4 c5 16. Bg5+ Kd7 17. Nf4 Bf5 18. Rad1+ Kc6 19. g3 Re8 20. f3 Be7
21. Bxe7 Rxe7 22. g4 hxg4 23. hxg4 Bc2 24. Rd2 Rf8 25. Ng2 Bh7 26. Kf2 Ref7 27.
Re3 a6 28. Kg3 b5 29. b3 g5 30. Rd1 Bg6 31. Rh1 Rg8 32. Rc3 Rd7 33. Ne3 b4 34.
Rcc1 Rd3 35. Rce1 a5 36. Nf1 a4 37. Re3 Rd1 38. Kg2 Rb1 39. Rh2 Ra1 40. Kg1 Rd8
41. Rf2 Bd3 42. f4 gxf4 43. Rxf4 Rxa2 44. bxa4 b3 45. Rf2 Rxf2 46. Kxf2 b2 47.
Nd2 Bg6 0-1

[Event "Spiltan & Pelaro 2005"]
[Site "?"]
[Date "2005.06.11"]
[Round "1"]
[White "Rendle, Thomas"]
[Black "Svensson, Bengt"]
[Result "1/2-1/2"]
[WhiteElo "2396"]
[BlackElo "2390"]
[PlyCount "59"]
[EventDate "2005.06.11"]
[SourceDate "2005.06.11"]

1. e4 c5 2. Nf3 d6 3. c3 Nf6 4. Be2 g6 5. O-O Bg7 6. Bb5+ Bd7 7. Bxd7+ Qxd7 8.
Re1 Nc6 9. d4 cxd4 10. cxd4 d5 11. e5 Ne4 12. Nc3 Nxc3 13. bxc3 O-O 14. h4 Nd8
15. h5 Re8 16. Qd3 Rc8 17. hxg6 hxg6 18. Ng5 Rc6 19. Rb1 Qf5 20. Qxf5 gxf5 21.
Re3 Bh6 22. Rf3 f6 23. Nh3 Bxc1 24. Rxc1 fxe5 25. dxe5 e6 26. Nf4 Kf7 27. Rh3
Rg8 28. Rh7+ Rg7 29. Rh8 Rg8 30. Rh7+ 1/2-1/2

[Event "Spiltan & Pelaro 2005"]
[Site "?"]
[Date "2005.06.11"]
[Round "1"]
[White "Sagit, Rauan"]
[Black "Landgren, Philip"]
[Result "1/2-1/2"]
[WhiteElo "2174"]
[BlackElo "2227"]
[PlyCount "147"]
[EventDate "2005.06.11"]
[SourceDate "2005.06.11"]

1. e4 e5 2. Nf3 Nc6 3. Bc4 Nf6 4. d3 Be7 5. O-O O-O 6. Re1 d6 7. c3 Na5 8. Bb5
a6 9. Ba4 c5 10. Bc2 Qc7 11. Nbd2 Be6 12. Nf1 Rfe8 13. h3 h6 14. Ng3 Nc6 15.
Nh4 d5 16. Nhf5 dxe4 17. dxe4 Kh7 18. Qf3 Ng8 19. Ne3 Nd4 20. cxd4 cxd4 21. Ba4
b5 22. Bb3 dxe3 23. Bxe3 Bb4 24. Rec1 Qe7 25. Rc6 Rec8 26. Nf5 Qe8 27. Rxc8
Rxc8 28. Rd1 Bxb3 29. axb3 Rd8 30. Rc1 g6 31. Ng3 Qe6 32. h4 Ne7 33. h5 Kg7 34.
hxg6 fxg6 35. Nf1 Nc6 36. Qg3 Rd7 37. Qh4 h5 38. Qg5 Kf7 39. Ng3 Be7 40. Qh6
Bf8 41. Qh7+ Ke8 42. Qh8 Rf7 43. Bg5 Kd7 44. Rd1+ Kc7 45. Rd3 Bc5 46. Be3 Bxe3
47. fxe3 Qf6 48. Qg8 h4 49. Nh1 h3 50. Rd2 hxg2 51. Rxg2 Qf3 52. Rf2 Qg4+ 53.
Kf1 Rd7 54. Rf7 Qh3+ 55. Kg1 Qxe3+ 56. Nf2 Qc1+ 57. Kg2 Qxb2 58. Rf6 Qd4 59.
Qxg6 Rd6 60. Rf7+ Rd7 61. Rf6 Qc5 62. Qh6 a5 63. Qh8 Qe7 64. Rg6 Qh7 65. Qf6
Nd4 66. Qxe5+ Kd8 67. Qb8+ Ke7 68. Rg8 Qf7 69. Qe5+ Ne6 70. Rg5 a4 71. bxa4
bxa4 72. Rf5 Qg7+ 73. Qxg7+ Nxg7 74. Ra5 1/2-1/2

[Event "Spiltan & Pelaro 2005"]
[Site "?"]
[Date "2005.06.12"]
[Round "2"]
[White "Groenn, Atle"]
[Black "Moberg, Karl Johan"]
[Result "1-0"]
[WhiteElo "2397"]
[BlackElo "2354"]
[PlyCount "59"]
[EventDate "2005.06.11"]
[SourceDate "2005.06.11"]

1. Nf3 Nf6 2. c4 g6 3. Nc3 d5 4. Qa4+ Bd7 5. Qb3 dxc4 6. Qxc4 Bg7 7. e4 O-O 8.
e5 Ng4 9. d4 Be6 10. Qb5 Bd7 11. Qxb7 Bc6 12. Qb3 e6 13. Bg5 Qd7 14. Be2 a5 15.
O-O Na6 16. Qd1 Nh6 17. a3 Rfb8 18. Qd2 Nf5 19. Rfd1 Rb6 20. Rac1 Qe8 21. Rc2
Bf8 22. d5 exd5 23. Nxd5 Bxd5 24. Qxd5 c6 25. Qxa5 Nb4 26. Qxb6 Nxc2 27. Qb3
Ncd4 28. Nxd4 Nxd4 29. Rxd4 Qxe5 30. Rd7 1-0

[Event "Spiltan & Pelaro 2005"]
[Site "?"]
[Date "2005.06.12"]
[Round "2"]
[White "Landgren, Philip"]
[Black "Kyndel Pedersen, Christian"]
[Result "1/2-1/2"]
[WhiteElo "2227"]
[BlackElo "2396"]
[PlyCount "120"]
[EventDate "2005.06.11"]
[SourceDate "2005.06.11"]

1. d4 Nf6 2. c4 g6 3. Nc3 Bg7 4. e4 d6 5. Nf3 O-O 6. Be2 e5 7. O-O Na6 8. Re1
c6 9. Bf1 Bg4 10. d5 cxd5 11. cxd5 Ne8 12. Be2 h6 13. Nd2 Bd7 14. Rb1 f5 15. b4
Rc8 16. Qb3 Qh4 17. Nb5 Nac7 18. Nxa7 Ra8 19. Nc6 bxc6 20. dxc6+ Be6 21. Bc4
Bxc4 22. Qxc4+ Kh8 23. exf5 Qf6 24. b5 Qxf5 25. Rf1 d5 26. Qc5 e4 27. b6 Ne6
28. Qe3 Nd6 29. Ba3 d4 30. Qb3 Be5 31. Bxd6 Bxd6 32. Nxe4 Qxe4 33. Rbe1 Qxc6
34. Rxe6 Rae8 35. Rxe8 Rxe8 36. a4 Qc5 37. Qf7 Qe5 38. g3 g5 39. b7 Re7 40.
Qf8+ Kh7 41. Rb1 Bb8 42. Rb6 Rg7 43. Rb5 Qe1+ 44. Kg2 Qe4+ 45. Qf3 Re7 46. a5
Qxf3+ 47. Kxf3 d3 48. a6 Rd7 49. Rb1 Rd6 50. Ra1 d2 51. a7 d1=Q+ 52. Rxd1 Rf6+
53. Kg4 Bxa7 54. Ra1 Bb8 55. Ra8 Rf8 56. h4 gxh4 57. Kxh4 Kg7 58. f4 Bc7 59.
Rxf8 Kxf8 60. Kg4 Kf7 1/2-1/2

[Event "Spiltan & Pelaro 2005"]
[Site "?"]
[Date "2005.06.12"]
[Round "2"]
[White "Rendle, Thomas"]
[Black "Sagit, Rauan"]
[Result "0-1"]
[WhiteElo "2396"]
[BlackElo "2174"]
[PlyCount "80"]
[EventDate "2005.06.11"]
[SourceDate "2005.06.11"]

1. e4 c5 2. Nf3 Nc6 3. Bb5 Qb6 4. Nc3 Nd4 5. Bc4 e6 6. O-O Ne7 7. d3 Nec6 8.
Nxd4 cxd4 9. Ne2 Be7 10. a3 d6 11. Ng3 g6 12. f4 h5 13. Ne2 Bd7 14. Kh1 Rc8 15.
b4 a6 16. Bb2 h4 17. Qe1 h3 18. g3 f5 19. Qf2 Bf6 20. Bb3 Rh7 21. Rae1 Re7 22.
Kg1 Kd8 23. Ba1 Kc7 24. Ba4 e5 25. Rd1 Be6 26. c3 dxc3 27. Bxc3 Qxf2+ 28. Rxf2
b5 29. Bc2 Kb7 30. Bb1 Nd4 31. Bb2 Nxe2+ 32. Rxe2 fxe4 33. Rxe4 Bd5 34. Ree1
Rce8 35. Rf1 Bg2 36. Rfe1 exf4 37. Rxe7+ Bxe7 38. Re1 Bf6 39. Rxe8 Bxb2 40. Kf2
Bd4+ 0-1

[Event "Spiltan & Pelaro 2005"]
[Site "?"]
[Date "2005.06.12"]
[Round "2"]
[White "Svensson, Bengt"]
[Black "Vesterbaek Pedersen, Nicolai"]
[Result "1/2-1/2"]
[WhiteElo "2390"]
[BlackElo "2460"]
[PlyCount "36"]
[EventDate "2005.06.11"]
[SourceDate "2005.06.11"]

1. e4 e5 2. Nf3 Nc6 3. Nc3 Nf6 4. Bb5 Bd6 5. O-O a6 6. Bxc6 dxc6 7. d4 Nd7 8.
dxe5 Nxe5 9. Bf4 Nxf3+ 10. Qxf3 Bxf4 11. Qxf4 O-O 12. Rad1 Qe7 13. Rfe1 Rd8 14.
Rxd8+ Qxd8 15. Rd1 Qe7 16. h3 Be6 17. Qd2 a5 18. a3 b5 1/2-1/2

[Event "Spiltan & Pelaro 2005"]
[Site "?"]
[Date "2005.06.12"]
[Round "2"]
[White "Åkesson, Joel"]
[Black "Nithander, Victor"]
[Result "1/2-1/2"]
[WhiteElo "2345"]
[BlackElo "2232"]
[PlyCount "219"]
[EventDate "2005.06.11"]
[SourceDate "2005.06.11"]

1. d4 Nf6 2. c4 g6 3. g3 Bg7 4. Bg2 O-O 5. Nc3 d6 6. Nf3 Nbd7 7. O-O e5 8. e4
a6 9. h3 b5 10. dxe5 dxe5 11. Qe2 c6 12. Rd1 Qe7 13. b3 Ne8 14. Be3 Nc7 15. Qd2
Re8 16. Qd6 Qxd6 17. Rxd6 Nb8 18. Rad1 Ne6 19. R6d2 f6 20. Ne1 Bf8 21. Nc2 Re7
22. Bf1 Rd7 23. b4 Rxd2 24. Rxd2 Kg7 25. h4 a5 26. a3 axb4 27. axb4 Na6 28.
cxb5 Nxb4 29. bxc6 Nxc6 30. Bb5 Nb4 31. Nd5 Nxc2 32. Rxc2 Ra1+ 33. Kg2 Ba6 34.
Bxa6 Rxa6 35. Rb2 Nc5 36. Bxc5 Bxc5 37. Rb7+ Kg8 38. Rc7 Bf8 39. g4 h6 40. h5
g5 41. Rd7 Re6 42. Kf1 Ra6 43. Rb7 Ra1+ 44. Kg2 Ra6 45. Rb6 Rxb6 46. Nxb6 Kf7
47. Nd5 Bc5 48. Kf3 Ke6 49. Ke2 Ba7 50. Nc7+ Ke7 51. Nd5+ Ke6 52. f3 Bc5 53.
Kd3 Kd6 54. Kc4 Kc6 55. Nxf6 Be7 56. Nd5 Bc5 57. Nc3 Bf8 58. Nd1 Bc5 59. Nb2
Bf8 60. Nd3 Bd6 61. Nc1 Bc7 62. Nb3 Bb6 63. Kb4 Bd8 64. Nd2 Be7+ 65. Kc3 Kc5
66. Nc4 Bd8 67. Ne3 Be7 68. Nf5 Bf8 69. Kd3 Kb5 70. f4 exf4 71. e5 Kc6 72. e6
Ba3 73. Ke4 Bc1 74. Kf3 Kc7 75. Nxh6 Kd6 76. Nf7+ Kxe6 77. Nxg5+ Kf6 78. Ne4+
Ke6 79. Nf2 Kf6 80. Nd3 Bd2 81. Nxf4 Kg5 82. Ne2 Kh6 83. Ng3 Bc1 84. Ne4 Ba3
85. Kf4 Be7 86. Kf5 Ba3 87. Nf6 Bc1 88. Ne8 Bd2 89. Nd6 Bc1 90. Nf7+ Kg7 91.
Ne5 Kh6 92. Nf3 Ba3 93. Ne5 Bc1 94. Nf7+ Kg7 95. Ke6 Bd2 96. Nd6 Kh6 97. Kf5
Bc1 98. Ne4 Ba3 99. g5+ Kxh5 100. Nf6+ Kh4 101. g6 Bf8 102. Ke6 Kg5 103. Kf7
Kf5 104. Nh5 Bh6 105. Ng7+ Kg5 106. Ne8 Kf5 107. Nc7 Kg5 108. Nd5 Kf5 109. Ne7+
Kg5 110. Kg8 1/2-1/2

[Event "Spiltan & Pelaro 2005"]
[Site "?"]
[Date "2005.06.13"]
[Round "3"]
[White "Kyndel Pedersen, Christian"]
[Black "Rendle, Thomas"]
[Result "1/2-1/2"]
[WhiteElo "2396"]
[BlackElo "2396"]
[PlyCount "21"]
[EventDate "2005.06.11"]
[SourceDate "2005.06.11"]

1. d4 d5 2. c4 e6 3. Nc3 Nf6 4. Bg5 Be7 5. e3 O-O 6. Nf3 h6 7. Bh4 b6 8. Be2
Bb7 9. Bxf6 Bxf6 10. cxd5 exd5 11. b4 1/2-1/2

[Event "Spiltan & Pelaro 2005"]
[Site "?"]
[Date "2005.06.13"]
[Round "3"]
[White "Moberg, Karl Johan"]
[Black "Landgren, Philip"]
[Result "1/2-1/2"]
[WhiteElo "2354"]
[BlackElo "2227"]
[PlyCount "32"]
[EventDate "2005.06.11"]
[SourceDate "2005.06.11"]

1. d4 Nf6 2. c4 e6 3. Nf3 b6 4. e3 Bb7 5. Bd3 Be7 6. Nc3 d5 7. cxd5 exd5 8. O-O
O-O 9. b3 Nbd7 10. Bb2 Re8 11. Rc1 a6 12. Ne2 Bd6 13. Ng3 g6 14. Rc2 Qe7 15.
Qe2 Ne4 16. Rfc1 Qf6 1/2-1/2

[Event "Spiltan & Pelaro 2005"]
[Site "?"]
[Date "2005.06.13"]
[Round "3"]
[White "Sagit, Rauan"]
[Black "Svensson, Bengt"]
[Result "1/2-1/2"]
[WhiteElo "2174"]
[BlackElo "2390"]
[PlyCount "81"]
[EventDate "2005.06.11"]
[SourceDate "2005.06.11"]

1. e4 c5 2. Nf3 d6 3. Bb5+ Bd7 4. Bxd7+ Qxd7 5. O-O Nc6 6. Re1 Nf6 7. c3 e6 8.
d4 cxd4 9. cxd4 d5 10. exd5 Nxd5 11. a3 Be7 12. Ne5 Nxe5 13. dxe5 O-O 14. Qg4
Kh8 15. Nd2 Qc7 16. Nf3 Rac8 17. Bg5 Bxg5 18. Nxg5 h6 19. Nf3 Qc2 20. Qd4 b6
21. Rad1 Rc4 22. Rd2 Qb3 23. Qd3 Qxd3 24. Rxd3 Rfc8 25. g3 Rc2 26. b4 R8c3 27.
Red1 Rc1 28. Rxc1 Rxd3 29. Kg2 Rxa3 30. Rc8+ Kh7 31. Rf8 Nxb4 32. Rxf7 Nd3 33.
Nd4 Nxe5 34. Rb7 Kg8 35. Nxe6 g5 36. Nd4 Rd3 37. Nb5 Rd7 38. Rxd7 Nxd7 39. Nxa7
Kf7 40. f4 gxf4 41. gxf4 1/2-1/2

[Event "Spiltan & Pelaro 2005"]
[Site "?"]
[Date "2005.06.13"]
[Round "3"]
[White "Vesterbaek Pedersen, Nicolai"]
[Black "Åkesson, Joel"]
[Result "1-0"]
[WhiteElo "2460"]
[BlackElo "2345"]
[PlyCount "65"]
[EventDate "2005.06.11"]
[SourceDate "2005.06.11"]

1. d4 e6 2. c4 Nf6 3. Nf3 b6 4. Nc3 Bb4 5. Bg5 h6 6. Bh4 Bb7 7. e3 O-O 8. Bd3
d6 9. O-O Bxc3 10. bxc3 Nbd7 11. Nd2 Re8 12. a4 a5 13. f4 e5 14. fxe5 dxe5 15.
Bf5 exd4 16. exd4 g5 17. Bg3 Nf8 18. h4 Re3 19. Bf2 Re8 20. hxg5 hxg5 21. d5
Ng6 22. Bxg6 fxg6 23. Bd4 Rf8 24. Qc2 Kh7 25. Nf3 Nh5 26. g4 Ng7 27. Qd2 Qd6
28. Nxg5+ Kg8 29. Ne4 Qd7 30. Qg5 Rae8 31. Rxf8+ Rxf8 32. Nf6+ Rxf6 33. Bxf6
1-0

[Event "Spiltan & Pelaro 2005"]
[Site "?"]
[Date "2005.06.13"]
[Round "3"]
[White "Nithander, Victor"]
[Black "Groenn, Atle"]
[Result "0-1"]
[WhiteElo "2232"]
[BlackElo "2397"]
[PlyCount "90"]
[EventDate "2005.06.11"]
[SourceDate "2005.06.11"]

1. e4 c5 2. Nf3 Nc6 3. d4 cxd4 4. Nxd4 e6 5. Nc3 Qc7 6. Be3 a6 7. Bd3 Nf6 8.
O-O Ne5 9. Nf3 Neg4 10. Bd2 Bd6 11. h3 h5 12. Qe2 b5 13. a4 b4 14. Na2 a5 15.
c3 b3 16. Nc1 Rb8 17. Qe1 Bc5 18. Ne2 Qd6 19. Ned4 e5 20. Bc4 exd4 21. e5 Nxe5
22. Nxe5 O-O 23. Bf4 Bb7 24. Bh2 Rbe8 25. Rd1 Rxe5 26. Qxe5 Qc6 27. f3 dxc3+
28. Kh1 c2 29. Ra1 Qb6 30. Qc3 Bd5 31. Be5 Bxc4 32. Qxc4 d5 33. Qd3 Nd7 34. Bc3
d4 35. Bd2 Ne5 36. Qe2 f6 37. f4 d3 38. Qe4 Qc6 39. Rfe1 Qxe4 40. Rxe4 Nc6 41.
g3 Bb4 42. Rxb4 Nxb4 43. Kg2 Na2 44. Kf3 Re8 45. Be3 f5 0-1

[Event "Spiltan & Pelaro 2005"]
[Site "?"]
[Date "2005.06.14"]
[Round "4"]
[White "Rendle, Thomas"]
[Black "Moberg, Karl Johan"]
[Result "1/2-1/2"]
[WhiteElo "2396"]
[BlackElo "2354"]
[PlyCount "40"]
[EventDate "2005.06.11"]
[SourceDate "2005.06.11"]

1. e4 e5 2. Nf3 Nc6 3. Bb5 a6 4. Ba4 Nf6 5. O-O b5 6. Bb3 Bc5 7. c3 d6 8. a4
Bb7 9. d4 Bb6 10. Bg5 exd4 11. cxd4 h6 12. Bxf6 Qxf6 13. Bd5 O-O 14. Na3 Ra7
15. axb5 axb5 16. Nxb5 Rxa1 17. Qxa1 Nxd4 18. Nbxd4 Bxd5 19. exd5 Bxd4 20. Nxd4
Qxd4 1/2-1/2

[Event "Spiltan & Pelaro 2005"]
[Site "?"]
[Date "2005.06.14"]
[Round "4"]
[White "Svensson, Bengt"]
[Black "Åkesson, Joel"]
[Result "1-0"]
[WhiteElo "2390"]
[BlackElo "2345"]
[PlyCount "113"]
[EventDate "2005.06.11"]
[SourceDate "2005.06.11"]

1. c4 c6 2. e4 e5 3. Nf3 d6 4. d4 Bg4 5. Be2 Be7 6. Nc3 Bxf3 7. Bxf3 Bg5 8. O-O
Bxc1 9. Rxc1 Nf6 10. Qd2 O-O 11. Rfd1 Qe7 12. g3 Na6 13. Bg2 Nc7 14. d5 c5 15.
Re1 a6 16. b3 b5 17. Nd1 Rfb8 18. Nb2 a5 19. Nd3 Nfe8 20. f4 f6 21. Rf1 Na6 22.
Bh3 Nec7 23. Rf2 exf4 24. Nxf4 Qxe4 25. Re2 Qd4+ 26. Qxd4 cxd4 27. cxb5 Nxb5
28. Re7 Nc5 29. Ne6 Nxe6 30. dxe6 Re8 31. Rd7 Nc3 32. Rc2 Rad8 33. Rd2 g6 34.
Kf1 f5 35. Rxd4 Ne4 36. Bg2 Nc5 37. R7xd6 Rxd6 38. Rxd6 Kf8 39. Bd5 Ke7 40. Rc6
Nd3 41. Rc7+ Kf6 42. Ra7 Nb4 43. Rxa5 Nxd5 44. Rxd5 Kxe6 45. Rd2 Rc8 46. Ke2
Ke5 47. b4 Rc1 48. Rb2 Kd6 49. Kd3 Rd1+ 50. Kc4 Kc6 51. Re2 Rc1+ 52. Kb3 Rh1
53. Ka4 Rb1 54. Ka5 g5 55. Rf2 f4 56. gxf4 gxf4 57. a4 1-0

[Event "Spiltan & Pelaro 2005"]
[Site "?"]
[Date "2005.06.14"]
[Round "4"]
[White "Landgren, Philip"]
[Black "Nithander, Victor"]
[Result "0-1"]
[WhiteElo "2227"]
[BlackElo "2232"]
[PlyCount "102"]
[EventDate "2005.06.11"]
[SourceDate "2005.06.11"]

1. d4 Nf6 2. c4 g6 3. Nc3 Bg7 4. e4 d6 5. Nf3 O-O 6. Be2 e5 7. O-O Na6 8. Re1
c6 9. Bf1 Bg4 10. d5 Ne8 11. Be2 c5 12. a3 Bd7 13. Rb1 f5 14. Ng5 Nac7 15. b4
b6 16. Bf3 f4 17. Ne6 Nxe6 18. dxe6 Bxe6 19. Nd5 Qd7 20. h3 h5 21. Rb3 Bf6 22.
Bb2 Bd8 23. Rd3 Qf7 24. Kh2 Kh7 25. Rg1 Rc8 26. b5 Nc7 27. Nxc7 Bxc7 28. Rxd6
Bxd6 29. Qxd6 Bxc4 30. Qxe5 Rce8 31. Qc3 Bxb5 32. Rd1 Rd8 33. Rd5 Rxd5 34. exd5
Bd7 35. d6 Rg8 36. Qe5 Qg7 37. Qe2 Re8 38. Qd2 Qf8 39. Bd5 f3 40. Bxf3 Re6 41.
Qg5 Qxd6+ 42. g3 Qe7 43. Qf4 Be8 44. Bd5 Rd6 45. Bf3 g5 46. Qc4 Bg6 47. Kg2 Rd3
48. g4 b5 49. Qxb5 Rxf3 50. Kxf3 Be4+ 51. Ke2 Bc6+ 0-1

[Event "Spiltan & Pelaro 2005"]
[Site "?"]
[Date "2005.06.14"]
[Round "4"]
[White "Groenn, Atle"]
[Black "Vesterbaek Pedersen, Nicolai"]
[Result "1/2-1/2"]
[WhiteElo "2397"]
[BlackElo "2460"]
[PlyCount "120"]
[EventDate "2005.06.11"]
[SourceDate "2005.06.11"]

1. d4 Nf6 2. Nf3 e6 3. c4 b6 4. g3 Ba6 5. b3 Bb4+ 6. Bd2 Be7 7. Nc3 d5 8. cxd5
Nxd5 9. Nxd5 exd5 10. Bg2 O-O 11. O-O Re8 12. Ne5 Bf6 13. Bc3 c5 14. f4 Bb7 15.
Rc1 Na6 16. e3 Be7 17. Qf3 f6 18. Nd3 cxd4 19. exd4 Ba3 20. Rc2 Rc8 21. Rff2
Rc7 22. Be1 Re4 23. Rxc7 Nxc7 24. Qd1 Rxd4 25. Bc3 Bc5 26. b4 Rxd3 27. Qxd3
Bxf2+ 28. Kxf2 Qd7 29. a3 Ba6 30. Qd1 Qc6 31. Bb2 Qc4 32. Qc1 Qe2+ 33. Kg1 Bc4
34. h4 Kf8 35. f5 Qg4 36. Qf4 Qxf4 37. gxf4 Bd3 38. a4 Bxf5 39. a5 Be4 40. axb6
axb6 41. Bd4 b5 42. Bc5+ Kf7 43. Bf1 Ne6 44. Bd6 Nd4 45. Bc5 Ne6 46. Bd6 g5 47.
hxg5 fxg5 48. fxg5 Nxg5 49. Bxb5 Ke6 50. Bg3 d4 51. Bc4+ Kf5 52. b5 h5 53. b6
Bb7 54. Be2 Ne4 55. Bh4 Kf4 56. Bxh5 d3 57. Be1 Ke3 58. Bb4 Kd4 59. Bf3 Nc5 60.
Bxc5+ Kxc5 1/2-1/2

[Event "Spiltan & Pelaro 2005"]
[Site "?"]
[Date "2005.06.14"]
[Round "4"]
[White "Sagit, Rauan"]
[Black "Kyndel Pedersen, Christian"]
[Result "1/2-1/2"]
[WhiteElo "2174"]
[BlackElo "2396"]
[PlyCount "198"]
[EventDate "2005.06.11"]
[SourceDate "2005.06.11"]

1. e4 c5 2. Nf3 d6 3. Bb5+ Bd7 4. Bxd7+ Qxd7 5. O-O Nc6 6. Qe2 Nf6 7. Rd1 e6 8.
d4 cxd4 9. Nxd4 Be7 10. c4 O-O 11. Nb5 a6 12. N5a3 Qc7 13. Nc3 Rac8 14. Be3 Ne5
15. Rac1 Qa5 16. Bd4 Nc6 17. Nc2 Nxd4 18. Rxd4 Rfd8 19. a3 Qg5 20. Rf1 Nh5 21.
g3 Bf6 22. Rdd1 Bxc3 23. bxc3 Nf6 24. Qd3 Ng4 25. Qe2 Qh5 26. h4 Qg6 27. Rb1
Rd7 28. Rb4 Nf6 29. Re1 Rc5 30. Kh2 h6 31. f3 Nh5 32. Rg1 Qf6 33. Nd4 g6 34.
Qe3 Kh7 35. Ne2 Qe7 36. Rd1 Nf6 37. Kg2 Kg7 38. Qd4 e5 39. Qd3 Rc6 40. g4 Rdc7
41. Rd2 Nd7 42. Kg3 Nb6 43. Ra2 Nxc4 44. a4 Rc5 45. Ra1 Qe6 46. Rh1 d5 47. h5
dxe4 48. Qxe4 Nd6 49. Qc2 g5 50. Kh3 Qf6 51. Qd3 e4 52. Qd4 exf3 53. Qxf6+ Kxf6
54. Rf1 Rc4 55. Rxf3+ Kg7 56. Rb6 R7c6 57. Rb2 f5 58. Rg3 fxg4+ 59. Kg2 Kf6 60.
Nd4 R6c5 61. Re3 Nf5 62. Re6+ Kf7 63. Rxb7+ Rc7 64. Rxc7+ Rxc7 65. Rxa6 Nh4+
66. Kg3 Rxc3+ 67. Kxg4 Rc4 68. Rxh6 Rxd4+ 69. Kxg5 Nf3+ 70. Kf5 Rxa4 71. Rh7+
Kg8 72. Rb7 Ra5+ 73. Kg4 Ne5+ 74. Kh4 Ra4+ 75. Kh3 Nf7 76. Rb6 Kg7 77. Kg3 Nh6
78. Rg6+ Kh7 79. Rg5 Ra3+ 80. Kh4 Nf7 81. Rg4 Ra5 82. Rg3 Nd6 83. Rd3 Nf5+ 84.
Kg4 Ng7 85. Rd7 Ra1 86. Rd5 Ne8 87. Rf5 Rg1+ 88. Kh4 Ng7 89. Ra5 Re1 90. Rg5
Re4+ 91. Rg4 Nf5+ 92. Kg5 Re5 93. Kf4 Rb5 94. Rg5 Nd6 95. Rxb5 Nxb5 96. h6 Nc7
97. Ke5 Na8 98. Kd6 Nc7 99. Kxc7 Kxh6 1/2-1/2

[Event "Spiltan & Pelaro 2005"]
[Site "?"]
[Date "2005.06.15"]
[Round "5"]
[White "Nithander, Victor"]
[Black "Rendle, Thomas"]
[Result "1-0"]
[WhiteElo "2232"]
[BlackElo "2396"]
[PlyCount "147"]
[EventDate "2005.06.11"]
[SourceDate "2005.06.11"]

1. e4 e6 2. d4 d5 3. Nd2 Be7 4. c3 c5 5. dxc5 Nf6 6. exd5 Qxd5 7. Ngf3 Qxc5 8.
Bd3 O-O 9. O-O Nbd7 10. Qc2 Qc7 11. Re1 a6 12. b3 b6 13. Bb2 Bb7 14. c4 Qf4 15.
Bf1 Bc5 16. g3 Qh6 17. Bg2 Rac8 18. a3 Rfd8 19. b4 Bf8 20. Nf1 Qh5 21. Qe2 a5
22. b5 Bc5 23. Ne3 Ng4 24. Nxg4 Qxg4 25. Rad1 Nf8 26. Rd3 f6 27. Red1 Rxd3 28.
Rxd3 e5 29. Rd2 Ba8 30. Kh1 Qe4 31. Qxe4 Bxe4 32. Ne1 Bxg2+ 33. Kxg2 Be7 34.
Rc2 Ne6 35. Kf3 Rd8 36. Ke2 Nd4+ 37. Bxd4 Rxd4 38. Rc3 e4 39. Nc2 Rd7 40. Ne3
Bc5 41. g4 Kf7 42. Nd5 Rd8 43. Nxb6 Bxb6 44. c5 Bc7 45. b6 Bf4 46. c6 Bxh2 47.
c7 Bxc7 48. Rxc7+ Kg6 49. b7 Rb8 50. Ke3 f5 51. gxf5+ Kxf5 52. Kd4 h5 53. Rxg7
h4 54. Kc5 h3 55. Kb6 Rh8 56. Rg1 h2 57. Rh1 Kg4 58. Rxh2 Rxh2 59. b8=Q Rxf2
60. Qg8+ Kf3 61. Qf7+ Ke2 62. Qh5+ Kd2 63. Qd5+ Ke3 64. Kxa5 Rd2 65. Qg5+ Ke2
66. Qg4+ Kd3 67. Kb4 Rb2+ 68. Kc5 Ra2 69. a4 Re2 70. Kd5 e3 71. Qc4+ Kd2 72.
Ke4 Re1 73. Qd3+ Kc1 74. Qxe3+ 1-0

[Event "Spiltan & Pelaro 2005"]
[Site "?"]
[Date "2005.06.15"]
[Round "5"]
[White "Moberg, Karl Johan"]
[Black "Sagit, Rauan"]
[Result "1/2-1/2"]
[WhiteElo "2354"]
[BlackElo "2174"]
[PlyCount "91"]
[EventDate "2005.06.11"]
[SourceDate "2005.06.11"]

1. d4 Nf6 2. c4 e6 3. Nf3 b6 4. e3 Bb7 5. Bd3 d5 6. cxd5 exd5 7. Nc3 Bd6 8. O-O
O-O 9. b3 Re8 10. Bb2 Nbd7 11. Nb5 Ne4 12. Rc1 Re6 13. Nxd6 Rxd6 14. Ne5 Rh6
15. Ng4 Re6 16. f3 Nef6 17. Ne5 Nxe5 18. dxe5 Nd7 19. f4 Rh6 20. Rf3 d4 21.
exd4 Bxf3 22. Qxf3 Rb8 23. d5 Nf8 24. g3 Qd7 25. Be4 Qe7 26. Qc3 c5 27. dxc6
Ne6 28. b4 Rd8 29. b5 Nc7 30. Qb3 Rd2 31. Ba3 Qd8 32. Bd6 Rhxd6 33. exd6 Qxd6
34. Qe3 Nxb5 35. Bg2 Nc7 36. Re1 Kf8 37. a4 Rd4 38. a5 bxa5 39. h4 a4 40. Kh2
f6 41. Rb1 Rd2 42. Rb8+ Kf7 43. Rb7 Kf8 44. Rb8+ Kf7 45. Rb7 Kf8 46. Rb8+
1/2-1/2

[Event "Spiltan & Pelaro 2005"]
[Site "?"]
[Date "2005.06.15"]
[Round "5"]
[White "Kyndel Pedersen, Christian"]
[Black "Svensson, Bengt"]
[Result "1-0"]
[WhiteElo "2396"]
[BlackElo "2390"]
[PlyCount "79"]
[EventDate "2005.06.11"]
[SourceDate "2005.06.11"]

1. e4 c5 2. Nf3 e6 3. Nc3 d6 4. d4 cxd4 5. Nxd4 a6 6. Be3 Nf6 7. f3 b5 8. Qd2
Nbd7 9. O-O-O Bb7 10. g4 Nb6 11. Bd3 Rc8 12. h4 Qc7 13. h5 Nfd7 14. h6 g6 15.
Qf2 b4 16. Nce2 d5 17. Nf4 e5 18. Nxd5 Nxd5 19. exd5 exd4 20. Bxd4 Rg8 21.
Rhe1+ Kd8 22. Qe3 Qd6 23. Qe8+ Kc7 24. Qxf7 Bxh6+ 25. Kb1 Rcf8 26. Qxh7 Bf4 27.
Bc4 Kc8 28. Re6 Qc7 29. Bxa6 Bxa6 30. Rxa6 Nb8 31. Ra7 Qxh7 32. Rxh7 Bd6 33.
Rd3 Nd7 34. a3 bxa3 35. Rc3+ Kd8 36. Rc6 Bb8 37. d6 Rxf3 38. Bb6+ Nxb6 39. Rxb6
Kc8 40. d7+ 1-0